Prueba de Mozambique - Estadísticas

Estadísticas generales
  • Esta prueba ha sido intentada 1.555 veces
  • La puntuación promedio es 11 de 16
Estadísticas de respuestas
Pista Respuesta % Correcto
Países que limitan con Mozambique Sudáfrica
96%
Gran isla situada a unos 200 kilómetros al este de Mozambique Madagascar
93%
Países que limitan con Mozambique Tanzania
93%
Países que limitan con Mozambique Zimbabue
92%
Países que limitan con Mozambique Zambia
90%
Países que limitan con Mozambique Esuatini
84%
Países que limitan con Mozambique Malaui
82%
Capital de Mozambique Maputo
81%
Idioma oficial Portugués
75%
Rifle de asalto representado en la bandera nacional AK-47
63%
Exportación principal: un metal Aluminio
59%
Los ríos más largos que fluyen a través de Mozambique Zambeze
46%
El futbolista nacido en Mozambique conocido como la "Pantera Negra" Eusébio
37%
El explorador que visitó Mozambique en 1498 en su camino a la India Vasco da Gama
37%
Cultivo básico: una raíz amiláceo Mandioca
18%
Los ríos más largos que fluyen a través de Mozambique Limpopo
17%
No se encontraron pruebas coincidentes
Distribución de puntuación
Porcentaje de gente con cada puntuación
Porcentaje por número respondido
Historial de tus puntuaciones
No has intentado esta prueba.